Current Countries- Sudden Death - Statistics

General Stats
  • This quiz has been taken 63 times
  • The average score is 10 of 13
Answers on the Grid
Answers color-coded by a green-red scale on the quiz's grid according to % correct below.
Hong Kong
Aruba
Greenland
Puerto Rico
Macau
Abyssinia
Borneo
Zaire
South Yemen
Gibraltar
French Guiana
Falkland Islands
South Ossetia
Abkhazia
Transylvania
Moldavia
Rhodesia
Dahomey
Crete
East Pakistan
Tahiti
Guam
Myanmar
Barbados
Burkina Faso
Cyprus
Malta
Fiji
Singapore
Laos
Montenegro
San Marino
Guinea
Georgia
Azerbaijan
Yugoslavia
 
Answer Stats
Answer % Correct
Guinea
88%
Azerbaijan
84%
Cyprus
84%
Burkina Faso
80%
Fiji
80%
Laos
80%
Montenegro
80%
Georgia
76%
Myanmar
76%
San Marino
76%
Barbados
68%
Malta
68%
Singapore
68%
No matching quizzes found
Score Distribution
Percent of People with Each Score
Percentile by Number Answered
Your Score History
You have not taken this quiz